LEADER 01448nam a2200361 u 4500 001 000000043385 003 CaOOAMICUS 005 20070226114430.0 008 990329s1980 it u000 u ita u 020 $a887030907X 035 $a10818466 040 $aPUL(R)$bita 041 1 $aita$hfre 100 1 $aLaubier, Patrick de.$0(OLS)http://pul/name/31734 240 10$aAlternative sociologique. Aristotle-Marx.$lItaliano.$0(OLS)http://pul/title/58483 245 13$aUn'alternativa sociologica Aristotele-Marx /$cPatrick de Laubier. 260 $aMilano :$bMassimo,$cc1980. 300 $a159 p. ;$c20 cm 490 1 $aCollana "Scienze umane e filosofia" (Massimo) ;$v7 504 $aBibliografia: p. 152-159. 650 4$aSociologia.$0(OLS)http://pul/subject/2611 830 0$aCollana "Scienze umane e filosofia" (Massimo) ;$v7.$0(OLS)http://pul/title/7976 850 $aPUL 852 $aPUL$W1$xSL Filosofia 2$y80$mPhil A22 7$j58488$nBK-PRI$b $qStampati altre collocazioni$B58488$CPULBib$Z2$F58488 $H $81 941 1 $a10 960 $aSociology$92611 960 $aSociology$92611 960 $aScienze sociali$92611 960 $aScienze sociali$92611 961 $aINV: 58741 996 $6020$a887030907X$9(OLS)http://pul/number/54104 996 $6245$aUn'alternativa sociologica Aristotele-Marx$9(OLS)http://pul/title/58484 996 $6260$aMilano :$bMassimo$9(OLS)http://pul/publisher/48143 LEADER 01552nam a2200349 u 4500 001 000000056559 003 CaOOAMICUS 005 20070226120504.0 008 010409s1995 it u000 u ita u 020 $a8831133306 035 $a10885428 040 $aPUL(R)$bita 100 1 $aPelli, Anna.$0(OLS)http://pul/name/39665 245 12$aL'abbandono di Gesù e il mistero del Dio uno e trino :$bun'interpretazione teologica nel nuovo orizzonte di comprensione aperto da Chiara Lubich /$cAnna Pelli. 260 $aRoma :$bCittà Nuova,$cc1995. 300 $a311 p. ;$c22 cm 490 1 $aCollana di teologia ;$v31 500 $aContiene indice. 504 $aBibliografia: p. 293-302. 600 14$aLubich, Chiara,$d1920-2008.$0(OLS)http://pul/subject/1557 650 4$aTeologia.$0(OLS)http://pul/subject/118 650 4$aTrinità.$0(OLS)http://pul/subject/2463 830 0$aCollana di teologia ;$v31.$0(OLS)http://pul/title/18581 850 $aPUL 852 $aPUL$W1$xSL Religione 1$y3$m65 B 42$j74173$nBK-PRI$b $qStampati$B74173$CPULBib$Z2$F74173 $H $81 941 1 $a8 960 $aTeologia trinitaria$92463 960 $aTeologia trinitaria$92463 961 $aINV: 75551 996 $6020$a8831133306$9(OLS)http://pul/number/71348 996 $6245$aL'abbandono di Gesù e il mistero del Dio uno e trino :$bun'interpretazione teologica nel nuovo orizzonte di comprensione aperto da Chiara Lubich$9(OLS)http://pul/title/75644 996 $6260$aRoma :$bCittà Nuova$9(OLS)http://pul/publisher/47927